Ed el payaso feliz (Registro nro. 181030)

Detalles MARC
000 -ENCABEZADO
Número de control [NR] 00924nam a22002537a 4500
005 - FECHA Y HORA DE LA ÚLTIMA TRANSACCIÓN
control field 20140903174930.0
008 - DE LONGITUD FIJA DE DATOS DE ELEMENTOS - INFORMACIÓN GENERAL
Elementos de longitud fija [NR] 131023s2006 sp a fr 000 0 spa
020 ## - NUMERO INTERNACIONAL NORMALIZADO PARA LIBROS [R]
Número Internacional Normalizado del libro [NR] 9788478337326
040 ## - FUENTE DE CATALOGACION [NR]
Agencia de catalogación original [NR] CO-BoUCM
Idioma de catalogación [NR] spa
Quien Cataloga
Quien Clasifica Aldemar Mondragón
041 00 - CODIGO DE IDIOMA [R]
Código de idioma para texto/pista de sonido o título separado [R] Español
100 1# - ASIENTO PRINCIPAL--NOMBRE PERSONAL [NR]
Nombre personal [NR] Brown, Chester
Fechas asociadas con el nombre [NR] 1960-
ID Autoridad 48795
245 10 - MENCION DE TITULO [NR]
Título [NR] Ed el payaso feliz
Mención de responsabilidad, etc. [NR] Chester Brown ; traducción, Hernán Migoya
260 ## - PUBLICACION, DISTRIBUCION, ETC. (PIE DE IMPRENTA) [R]
Lugar de publicación, distribución, etc. [R] Barcelona (España)
Nombre del editor, distribuidor, etc. [R] La Cúpula
Fecha de publicación, distribución, etc. [R] 2006
300 ## - DESCRIPCION FISICA [R]
Extensión [R] 223 páginas
Otros detalles físicos [NR] ilustraciones
490 0# - MENCION DE SERIE [R]
Mención de serie [R] La Cúpula Cómix
-- Novela gráfica
650 #7 - ASIENTO SECUNDARIO DE MATERIA - TERMINO TEMATICO [R]
Término temático o nombre geográfico como elemento de entrada [NR] Ciencia ficción
Subdivisión general [R] Tiras cómicas, historietas, etc.
9 (RLIN) 49043
650 #7 - ASIENTO SECUNDARIO DE MATERIA - TERMINO TEMATICO [R]
Término temático o nombre geográfico como elemento de entrada [NR] Entretenimiento
9 (RLIN) 26487
650 #7 - ASIENTO SECUNDARIO DE MATERIA - TERMINO TEMATICO [R]
Término temático o nombre geográfico como elemento de entrada [NR] Tiras cómicas, historietas, etc.
9 (RLIN) 49042
690 ## - ASUNTO AGREGADO LOCAL DE ENTRADA - TÉRMINO TEMÁTICO (OCLC, RLIN)
9 (RLIN) 42805
Acceso temático local Entretenimiento
700 1# - ASIENTO SECUNDARIO - NOMBRE PERSONAL [R]
Nombre personal [NR] Migoya, Hernán
Término de relación [R] traductor
9 (RLIN) 48796
765 ## - ASIENTO DE IDIOMA ORIGINAL [R]
Título [NR] ed the happy clown
942 ## - ELEMENTOS DE ENTRADA AGREGADOS (KOHA)
Tema principal Entretenimiento
Tipo de ítem principal el descrito en 300a Libro
Edición 1
Parte restante de la signatura top. B877e
Sistema de clasificación DEWEY
Clasificación 741.59
Existencias
Fecha de último préstamo Total préstamos Total Renewals Signatura topográfica Código de barras Última vez visto Ejemplar Costo de reposición Price effective from Tipo de ítem Nota pública (OPAC) Perdido Sistema de clasificación Dañado No prestable Tipo de ítem específico Suprimido Ubicación habitual Ubicación actual Localización Fecha de creación Proveedor Forma de adquisición Costo
26/02/2026 11 1 741.59 B877e 100137247 26/03/2026 Ej.1 38825.00 17/10/2013 Libro Spot Artes Visuales   DEWEY     Libro   Claustro Claustro Mezanine 17/10/2013 15 Compra 31300.00